[Event "SWE-chT2 0708"]
[Site "Sweden"]
[Date "2007.11.17"]
[Round "3"]
[White "Hammar, Ulf"]
[Black "Loven, Anders"]
[Result "1/2-1/2"]
[WhiteElo "2152"]
[BlackElo "2145"]
[PlyCount "90"]
[EventDate "2007.10.20"]
[EventType "team"]
[EventRounds "9"]
[EventCountry "SWE"]
[SourceTitle "EXT 2009"]
[Source "ChessBase"]
[SourceDate "2008.11.26"]
[SourceVersion "1"]
[SourceVersionDate "2008.11.26"]
[SourceQuality "1"]
[WhiteTeam "Umea Rockaden"]
[BlackTeam "Passanten"]
[WhiteTeamCountry "SWE"]
[BlackTeamCountry "SWE"]

1. d4 d5 2. c4 dxc4 3. Nf3 Nf6 4. e3 e6 5. Bxc4 c5 6. 0-0 a6 7. a4 Nc6 8. Qe2 Qc7 9. Nc3 Bd6 10. Rd1 0-0 11. h3 e5 12. dxe5 Nxe5 13. Nxe5 Bxe5 14. e4 Re8 15. Nd5 Nxd5 16. Bxd5 Be6 17. Be3 Qb6 18. Qc4 Bxd5 19. Rxd5 Qxb2 20. Rad1 b5 21. axb5 Qxb5 22. Qxc5 Qxc5 23. Bxc5 Bf6 24. f3 a5 25. Bd4 Bxd4+ 26. R5xd4 Reb8 27. Ra4 Rb5 28. Kf2 g6 29. Rd7 Rc8 30. Ra1 Rbc5 31. Kg3 Ra8 32. Rb1 a4 33. Rbb7 a3 34. Rxf7 Rh5 35. Rg7+ Kh8 36. Ra7 Ra5 37. Rxh7+ Kg8 38. Rhg7+ Kh8 39. Rh7+ Kg8 40. Rag7+ Kf8 41. Rc7 Kg8 42. Rhg7+ Kh8 43. e5 a2 44. Rh7+ Kg8 45. Rcg7+ Kf8 1/2-1/2

[Event "SWE-chT 0405"]
[Site "Sweden"]
[Date "2005.??.??"]
[Round "6"]
[White "Loven, Anders"]
[Black "Collett, Peter"]
[Result "1/2-1/2"]
[WhiteElo "2155"]
[BlackElo "2261"]
[PlyCount "103"]
[EventDate "2004.11.05"]
[EventType "team"]
[EventRounds "11"]
[EventCountry "SWE"]
[SourceTitle "EXT 2006"]
[Source "ChessBase"]
[SourceDate "2005.11.24"]
[SourceVersion "1"]
[SourceVersionDate "2005.11.24"]
[SourceQuality "1"]
[WhiteTeam "Passanten"]
[BlackTeam "Wasa"]
[WhiteTeamCountry "SWE"]
[BlackTeamCountry "SWE"]

1. Nf3 Nf6 2. c4 c5 3. Nc3 Nc6 4. g3 e6 5. Bg2 Be7 6. 0-0 0-0 7. d4 cxd4 8. Nxd4 Qb6 9. Nc2 Rd8 10. e4 Ne5 11. b3 d6 12. Be3 Qc7 13. h3 Bd7 14. f4 Ng6 15. Qd2 Rac8 16. Nd4 a6 17. Rac1 Qb8 18. Qd3 Rf8 19. Qe2 Bd8 20. h4 e5 21. Nf3 Ng4 22. f5 Nxe3 23. Qxe3 b5 24. Nd5 Ne7 25. Nxe7+ Bxe7 26. cxb5 Bxb5 27. Rfd1 Rxc1 28. Rxc1 Rc8 29. Bf1 Rxc1 30. Qxc1 Qb6+ 31. Kg2 Bc6 32. Qc4 a5 33. Ng5 Be8 34. Qc8 Qc6 35. Qxc6 Bxc6 36. Kf3 h6 37. Nh3 d5 38. Nf2 d4 39. Bc4 Kf8 40. Ke2 Ke8 41. Kd3 f6 42. Ba6 Bb4 43. Ke2 h5 44. Bd3 Ke7 45. Bc4 Bd6 46. Kf3 Be8 47. Nd3 g6 48. g4 hxg4+ 49. Kxg4 Bd7 50. h5 g5 51. h6 Kf8 52. Kf3 1/2-1/2

[Event "SWE-chT 0203"]
[Site "Sweden"]
[Date "2002.10.12"]
[Round "2"]
[White "Eklund, Lars Goran"]
[Black "Loven, Anders"]
[Result "1-0"]
[WhiteElo "2300"]
[BlackElo "2139"]
[PlyCount "87"]
[EventDate "2002.10.11"]
[EventType "team"]
[EventRounds "11"]
[EventCountry "SWE"]
[SourceTitle "EXT 2004"]
[Source "ChessBase"]
[SourceDate "2003.11.25"]
[SourceVersion "1"]
[SourceVersionDate "2003.11.25"]
[SourceQuality "1"]
[WhiteTeam "Skara"]
[BlackTeam "Passanten"]
[WhiteTeamCountry "SWE"]
[BlackTeamCountry "SWE"]

1. Nf3 d5 2. c4 c6 3. d4 Nf6 4. Nc3 e6 5. e3 Nbd7 6. Qc2 Bd6 7. g4 Bb4 8. Bd2 b6 9. cxd5 cxd5 10. Rg1 0-0 11. Bd3 Bb7 12. h4 Qe7 13. Ng5 g6 14. 0-0-0 e5 15. Kb1 e4 16. Be2 a6 17. Nh3 b5 18. g5 Ne8 19. Nf4 Nb6 20. Qb3 Bxc3 21. Bxc3 Nd6 22. Bb4 Rfd8 23. Ba5 Ndc4 24. Qb4 Qxb4 25. Bxb4 a5 26. Bc5 Na4 27. Bxc4 bxc4 28. Be7 Rd7 29. Bf6 Bc6 30. Ka1 Rb7 31. Rb1 Ra6 32. b3 Nc3 33. Rbc1 a4 34. bxc4 Nxa2 35. Kxa2 a3 36. Rb1 dxc4 37. Rxb7 Bxb7 38. Rb1 Bc8 39. Nd5 Kf8 40. Be7+ Kg7 41. Rb8 Rc6 42. Bf6+ Kf8 43. Ne7 Rc7 44. Nxc8 1-0

[Event "SWE-chT 0203"]
[Site "Sweden"]
[Date "2002.10.11"]
[Round "1"]
[White "Schneider, Stefan"]
[Black "Loven, Anders"]
[Result "1-0"]
[WhiteElo "2323"]
[BlackElo "2139"]
[PlyCount "115"]
[EventDate "2002.10.11"]
[EventType "team"]
[EventRounds "11"]
[EventCountry "SWE"]
[SourceTitle "EXT 2004"]
[Source "ChessBase"]
[SourceDate "2003.11.25"]
[SourceVersion "1"]
[SourceVersionDate "2003.11.25"]
[SourceQuality "1"]
[WhiteTeam "Limhamn"]
[BlackTeam "Passanten"]
[WhiteTeamCountry "SWE"]
[BlackTeamCountry "SWE"]

1. d4 d5 2. c4 c6 3. e3 Bf5 4. cxd5 cxd5 5. Qb3 Qc7 6. Nc3 e6 7. Bd2 Nc6 8. Nf3 Nf6 9. Be2 Be7 10. 0-0 0-0 11. Rfc1 Rfc8 12. Qd1 Ne4 13. Be1 a6 14. Nxe4 Bxe4 15. Nd2 Bf5 16. a3 h6 17. h3 Qb6 18. b4 a5 19. b5 Na7 20. Qb3 Rxc1 21. Rxc1 Qd6 22. Rc3 b6 23. Nf3 f6 24. a4 Qd7 25. Bd3 Bxd3 26. Rxd3 Rc8 27. Rc3 Rxc3 28. Bxc3 Nc8 29. Nd2 Qd6 30. Qc2 Qc7 31. Qd3 Nd6 32. Kf1 Kf7 33. f3 Nf5 34. Kg1 Qg3 35. Nf1 Qd6 36. e4 Nh4 37. Be1 Ng6 38. Bg3 Qa3 39. Qc2 h5 40. exd5 exd5 41. Qf5 Qb3 42. Qxh5 Qc4 43. Bf2 Bd6 44. g3 Qxa4 45. Qxd5+ Ke7 46. Ne3 Qb4 47. Nf5+ Kd7 48. Qc6+ Ke6 49. Qe4+ Kd7 50. Nxd6 Kxd6 51. Qxg6 Qxb5 52. g4 Qe2 53. Qxg7 Qxf3 54. Qf8+ Kd7 55. Qf7+ Kd6 56. d5 Qxh3 57. Qe6+ Kc7 58. Bxb6+ 1-0

[Event "SWE-chT 9899"]
[Site "Sweden"]
[Date "1998.11.07"]
[Round "4"]
[White "Piuva, Matti"]
[Black "Loven, Anders"]
[Result "1/2-1/2"]
[WhiteElo "2205"]
[BlackElo "2145"]
[PlyCount "122"]
[EventDate "1998.??.??"]
[EventType "team"]
[EventRounds "11"]
[EventCountry "SWE"]
[SourceTitle "EXT 2000"]
[Source "ChessBase"]
[SourceDate "1999.11.16"]
[SourceVersion "1"]
[SourceVersionDate "1999.11.16"]
[SourceQuality "1"]

1. e4 d5 2. exd5 Qxd5 3. Nc3 Qa5 4. g3 Nf6 5. Bg2 e5 6. Nge2 Bd6 7. d3 c6 8. Bd2 Qc7 9. a4 a5 10. 0-0 0-0 11. Bg5 Nbd7 12. d4 h6 13. Bc1 Re8 14. d5 cxd5 15. Nxd5 Nxd5 16. Bxd5 Nf6 17. Bg2 Bf5 18. Nc3 Bb4 19. Qf3 Bxc2 20. Qxb7 Qxb7 21. Bxb7 Rab8 22. Ba6 Red8 23. Bb5 Rbc8 24. Be3 Ne4 25. Rac1 Nxc3 26. Rxc2 Nd5 27. Rxc8 Rxc8 28. Rc1 Rxc1+ 29. Bxc1 Kf8 30. Kf1 Ke7 31. Ke2 Kd6 32. Bc4 f5 33. f3 Nb6 34. Bb3 Nd7 35. Bc2 Nc5 36. Bxf5 Nxa4 37. Kd3 Nc5+ 38. Kc4 Ne6 39. Be4 Nd4 40. Be3 Bc5 41. Bd2 Bb6 42. f4 Ke6 43. Bc3 Kd6 44. h4 Ke6 45. g4 Kd6 46. b3 Ke6 47. h5 Kd6 48. Bb2 Ke6 49. Bd5+ Kf6 50. Kd3 g5 51. hxg6 Kxg6 52. fxe5 Nb5 53. Ke4 Bc5 54. Bc4 Nc7 55. Bc1 Bb4 56. Bf4 Bc3 57. Be3 Ne8 58. Bd4 Bb4 59. Kd5 Ng7 60. Be2 Bd2 61. Bc5 Kf7 1/2-1/2

[Event "SWE-chT 9596"]
[Site "Sweden"]
[Date "1996.??.??"]
[Round "?"]
[White "Loven, Anders"]
[Black "Bergstrom, Peter"]
[Result "0-1"]
[WhiteElo "2170"]
[BlackElo "2325"]
[PlyCount "96"]
[EventDate "1995.??.??"]
[EventType "team"]
[EventRounds "9"]
[EventCountry "SWE"]
[SourceTitle "EXT 1998"]
[Source "ChessBase"]
[SourceDate "1997.11.17"]
[SourceVersion "1"]
[SourceVersionDate "1997.11.17"]
[SourceQuality "1"]

1. d4 d5 2. c4 c6 3. cxd5 cxd5 4. Nc3 Nf6 5. Bf4 Nc6 6. e3 e6 7. Bd3 a6 8. Rc1 Be7 9. h3 Bd7 10. Nf3 b5 11. Ne5 Rc8 12. g4 0-0 13. g5 Nxe5 14. Bxe5 Ne4 15. Nxe4 Rxc1 16. Qxc1 dxe4 17. Bxe4 Qa5+ 18. Ke2 Qxa2 19. h4 Rc8 20. Qb1 Qxb1 21. Rxb1 b4 22. Bd3 a5 23. b3 f6 24. gxf6 gxf6 25. Bf4 f5 26. h5 Rc3 27. Be5 Kf7 28. f4 Bf8 29. Kd2 a4 30. d5 Rxb3 31. Rxb3 axb3 32. Bc4 exd5 33. Bxb3 Ke6 34. Kd3 Bc5 35. Bg7 Bb5+ 36. Kd2 Be8 37. h6 Bb5 38. Be5 Bc4 39. Ba4 Bf8 40. Bg7 Bxg7 41. hxg7 Kf7 42. g8Q+ Kxg8 43. Bd7 Kf7 44. Bxf5 h5 45. Bh3 h4 46. Bg4 Bf1 47. Bf3 Ke6 48. Ke1 Bd3 0-1